[Event "Reykjavik Congress"]
[Site "Reykjavik"]
[Date "2018.01.10"]
[Round "1"]
[White "Bjornsson, Eirikur K"]
[Black "Johannsson, Bjarki Kroyer"]
[Result "1-0"]
[WhiteElo "1934"]
[BlackElo "1073"]
[PlyCount "34"]
[EventDate "2018.01.10"]
[EventType "swiss"]
[EventRounds "9"]
[EventCountry "ISL"]
[SourceTitle "CBM 182 Extra"]
[Source "ChessBase"]
[SourceDate "2018.02.23"]
[SourceVersion "1"]
[SourceVersionDate "2018.02.23"]
[SourceQuality "1"]

1. c4 e5 2. Nc3 Nf6 3. Nf3 Nc6 4. e3 Bc5 5. a3 a6 6. d4 exd4 7. exd4 Bd6 8. Bd3 0-0 9. 0-0 h6 10. c5 Be7 11. d5 Na7 12. Be3 d6 13. b4 c6 14. dxc6 Nxc6 15. Qc2 Bg4 16. Be2 Bxf3 17. Bxf3 Qc7 1-0